000 00687cam a2200229 a 4500
001 000018391
005 20200929165504.0
008 781228s1977 ec f000 p spa d
035 _a(DLC) 78107299
040 _aDO-SdBNP
_cDLC
_dDLC
082 _aE861.44
_bC386L
100 1 _aCazón Vera, Fernando,
_d1935-
_939827
245 1 3 _aEl libro de las paradojas /
_cFernando Cazón Vera.
260 _aQuito :
_bUniversitria,
_c1977.
300 _a109 p. ;
_c20 cm.
586 _aPremio Nacional de Poesía.
650 4 _aPoesía ecuatoriana
_913387
650 4 _aLiteratura ecuatoriana
_ySIGLO XX
_914420
910 _aCatalogación por derivada / LC
049 _aBNGR
082 0 0 _a861
999 _c17912
_d17912